Quản trị văn phòng

Những kiến thức nền tảng về tổ chức bộ máy văn phòng và các mối quan hệ vận động diễn ra trong hoạt động văn phòng như: Cơ cấu tổ chức, lập chương trình, kế hoạch phân tích, đánh giá hoạt động quản trị văn phòng......

全面介绍

Đã lưu trong:
书目详细资料
主要作者: Nguyễn, Hữu Tri
格式: 图书
语言:Undetermined
出版: Hà Nội Khoa học và Kỹ thuật 2005
主题:
标签: 添加标签
没有标签, 成为第一个标记此记录!
Thư viện lưu trữ: Trung tâm Học liệu Trường Đại học Cần Thơ
LEADER 00950nam a2200205Ia 4500
001 CTU_149144
008 210402s9999 xx 000 0 und d
020 |c 28000 
082 |a 651.3 
082 |b Tr300 
100 |a Nguyễn, Hữu Tri 
245 0 |a Quản trị văn phòng 
245 0 |c Nguyễn Hữu Tri (chủ biên) 
260 |a Hà Nội 
260 |b Khoa học và Kỹ thuật 
260 |c 2005 
520 |a Những kiến thức nền tảng về tổ chức bộ máy văn phòng và các mối quan hệ vận động diễn ra trong hoạt động văn phòng như: Cơ cấu tổ chức, lập chương trình, kế hoạch phân tích, đánh giá hoạt động quản trị văn phòng... 
650 |a Office management,Office practice,Quản trị văn phòng 
910 |a Nguyên 
980 |a Trung tâm Học liệu Trường Đại học Cần Thơ